| 000 | 01504nam a2200241 a 4500 | ||
|---|---|---|---|
| 001 | 000000284 | ||
| 005 | 20250612112101.0 | ||
| 008 | 081124s1997 es ac 001 0 spa d | ||
| 020 | _a848016350X (ob) | ||
| 020 | _a9788480163507 (ob) | ||
| 040 |
_aDO-SdBNP _bspa _cBNPHU |
||
| 082 |
_aR909 _bH673h |
||
| 245 | 0 | 0 |
_aHistoria de la humanidad / _cPierre Marchand, director general de la obra. |
| 260 |
_aBarcelona : _bLarousse, _c1997. |
||
| 300 |
_a20 v. : _bil. , retrs. ; _c31 cm. |
||
| 505 | 2 |
_gV.1. _tDel Big-Bang al Homo sapiens.-- _gv.2. _tLas primeras civilizaciones. -- _gv.3. _tEgipto y Grecia antigua. -- _gv.4. _tHistoria de la Roma antigua. -- _gv.5 _tLos inicios de la Edad Media. -- _gV.6. _tLa época del feudalismo. -- _gv.7. _tAsia, África y América. -- _gv.8. _tLa era de los descubrimientos.-- _gv.9. _tRenacimiento y Humanismo. -- _gv.10. _tLos siglos XVI y XVII. -- _gv.11. _tIlustración y revolución.-- _gv.12. _tLos inicios del siglo XIX.-- _gv.13. _tEl origen del capitalismo. -- _gv. 14. _tUn mundo en evolución. -- _gv.15. _tImperios y colonias.-- _gv.16. _tEl final de una era. -- _gv.17. _tLos inicios del siglo XX. -- _gv .18. _tEl mundo contemporáneo.-- _gv. 19. _tLos grandes desafíos del siglo XX.50.-- _gv.20. _tLos albores del siglo XXI. |
|
| 650 | 0 |
_aHistoria universal _9933 |
|
| 650 | 4 |
_aHitoria antigua _9934 |
|
| 650 | 4 |
_aHistoria medieval _9935 |
|
| 650 | 0 |
_aHistoria moderna _9936 |
|
| 700 | 1 |
_aMarchand, Pierre, _edirector general de la obra _9937 |
|
| 910 | _aValidado. Control de calidad Mfileto | ||
| 999 |
_c284 _d284 |
||